Влияние теплоотражающего покрытия на снижение тепловых потерь оконных конструкций; Перспективы развития фундаментальных наук; Т. 6 : Строительство и архитектура
| Parent link: | Перспективы развития фундаментальных наук=Prospects of Fundamental Sciences Development: сборник научных трудов XIV Международной конференции студентов, аспирантов и молодых ученых, г. Томск, 25-28 апреля 2017 г./ Национальный исследовательский Томский политехнический университет (ТПУ) ; под ред. И. А. Курзиной, Г. А. Вороновой.— , 2017 Т. 6 : Строительство и архитектура.— 2017.— [С. 32-33] |
|---|---|
| 1. autor: | |
| Kolejni autorzy: | , , |
| Streszczenie: | Заглавие с экрана Developed theoretical and methodological foundations of the optimal choice of space-planning and constructive decisions of low-rise buildings blocked type, aimed at improving efficiency of investment, energy and resource saving, creation of comfortable conditions for the population, ensure sustainable development of low-rise construction in the context of socio-economic priorities in the climatic zoning of the area of construction. |
| Język: | rosyjski |
| Wydane: |
2017
|
| Hasła przedmiotowe: | |
| Dostęp online: | http://earchive.tpu.ru/handle/11683/45321 |
| Format: | Elektroniczne Rozdział |
| KOHA link: | https://koha.lib.tpu.ru/cgi-bin/koha/opac-detail.pl?biblionumber=625648 |
MARC
| LEADER | 00000naa2a2200000 4500 | ||
|---|---|---|---|
| 001 | 625648 | ||
| 005 | 20231101133355.0 | ||
| 035 | |a (RuTPU)RU\TPU\conf\24908 | ||
| 035 | |a RU\TPU\conf\24907 | ||
| 090 | |a 625648 | ||
| 100 | |a 20171216d2017 k y0rusy50 ca | ||
| 101 | 0 | |a rus |d eng | |
| 102 | |a RU | ||
| 105 | |a y z 100zy | ||
| 135 | |a drcn ---uucaa | ||
| 181 | 0 | |a i | |
| 182 | 0 | |a b | |
| 200 | 1 | |a Влияние теплоотражающего покрытия на снижение тепловых потерь оконных конструкций |d Influence heat-reflective coating on the decrease of heat losses of window constructions |f Р. В. Будянский, А. Ю. Малиновский, К. Е. Петров |g науч. рук. Е. В. Петров | |
| 203 | |a Текст |c электронный | ||
| 230 | |a 1 компьютерный файл (pdf; 323 Kb) | ||
| 300 | |a Заглавие с экрана | ||
| 320 | |a [Библиогр.: с. 34 (10 назв.)] | ||
| 330 | |a Developed theoretical and methodological foundations of the optimal choice of space-planning and constructive decisions of low-rise buildings blocked type, aimed at improving efficiency of investment, energy and resource saving, creation of comfortable conditions for the population, ensure sustainable development of low-rise construction in the context of socio-economic priorities in the climatic zoning of the area of construction. | ||
| 461 | 1 | |0 (RuTPU)RU\TPU\conf\21388 |t Перспективы развития фундаментальных наук |l Prospects of Fundamental Sciences Development |o сборник научных трудов XIV Международной конференции студентов, аспирантов и молодых ученых, г. Томск, 25-28 апреля 2017 г. |o в 7 т. |f Национальный исследовательский Томский политехнический университет (ТПУ) ; под ред. И. А. Курзиной, Г. А. Вороновой |d 2017 | |
| 463 | 1 | |0 (RuTPU)RU\TPU\conf\21397 |t Т. 6 : Строительство и архитектура |v [С. 32-33] |d 2017 | |
| 510 | 1 | |a Influence heat-reflective coating on the decrease of heat losses of window constructions |z eng | |
| 610 | 1 | |a электронный ресурс | |
| 610 | 1 | |a теплоотражающие покрытия | |
| 610 | 1 | |a остекление | |
| 610 | 1 | |a тепловые потери | |
| 610 | 1 | |a отопление | |
| 610 | 1 | |a энергосбережение | |
| 700 | 1 | |a Будянский |b Р. В. | |
| 701 | 1 | |a Малиновский |b А. Ю. | |
| 701 | 1 | |a Петров |b К. Е. | |
| 702 | 1 | |a Петров |b Е. В. |4 727 | |
| 801 | 2 | |a RU |b 63413507 |c 20171219 |g RCR | |
| 856 | 4 | |u http://earchive.tpu.ru/handle/11683/45321 | |
| 942 | |c BK | ||